[Event "AUTO-OPEN-2590"]
[Site "http://www.queenalice.com/game.php?id=1023708"]
[Date "2012.2.1"]
[Round "1"]
[White "Pato"]
[Black "ezequiel_2001"]
[Result "1-0"]
[WhiteElo "2153"]
[BlackElo "1976"]

1. e4 c5 2. d4 cxd4 3. c3 d6 4. cxd4 Nf6 5. Nc3 a6 6. Bc4 e6 7. Nf3 Be7 8. O-O
O-O 9. Qe2 Nc6 10. h3 b5 11. Bb3 Bb7 12. Bf4 Rc8 13. a4 b4 14. Na2 a5 15. Rfe1
Ra8 16. Rad1 h6 17. e5 Nd5 18. Bg3 Ba6 19. Qe4 dxe5 20. dxe5 Qb6 21. Rxd5 exd5
22. Bxd5 Rac8 23. e6 Nd8 24. exf7+ Nxf7 25. Qxe7 Rc7 26. Bxc7 1-0

[Event "AUTO-MASTER-1576"]
[Site "http://www.queenalice.com/game.php?id=1023738"]
[Date "2012.2.1"]
[Round "1"]
[White "ezequiel_2001"]
[Black "Dummer"]
[Result "0-1"]
[WhiteElo "1913"]
[BlackElo "1972"]

1. e4 c5 2. Nf3 Nc6 3. a3 Nf6 4. e5 Ng4 5. e6 dxe6 6. c3 g6 7. d4 cxd4 8. Nxd4
Nxd4 9. cxd4 Nf6 10. Bg5 Bg7 11. Bb5+ Bd7 12. Bxf6 Bxf6 13. Bxd7+ Qxd7 14. O-O
Qxd4 15. Nc3 Qxd1 16. Raxd1 Bxc3 17. bxc3 Rc8 18. Rd3 f6 19. Rfd1 Kf7 20. f4 Rc4
21. g3 Rhc8 22. Kf2 Rxc3 23. Rxc3 Rxc3 24. Rd7 Rxa3 25. Rxb7 Ra2+ 26. Kg1 a5 27.
Ra7 a4 0-1

[Event "AUTO-MASTER-1576"]
[Site "http://www.queenalice.com/game.php?id=1023739"]
[Date "2012.2.1"]
[Round "1"]
[White "Dummer"]
[Black "ezequiel_2001"]
[Result "0-1"]
[WhiteElo "1999"]
[BlackElo "1923"]

1. d4 Nf6 2. Bg5 e6 3. e4 Be7 4. Nc3 O-O 5. Bd3 h6 6. Bh4 Qe8 7. Nf3 d6 8. O-O
a6 9. Re1 Nbd7 10. Qd2 c5 11. Rad1 cxd4 12. Nxd4 Ne5 13. Be2 Nxe4 14. Bxe7 Nxd2
15. Bxf8 Ndc4 16. Bxg7 Kxg7 0-1

[Event "AUTO-MASTER-1576"]
[Site "http://www.queenalice.com/game.php?id=1023740"]
[Date "2012.2.1"]
[Round "1"]
[White "ezequiel_2001"]
[Black "gedalias"]
[Result "0-1"]
[WhiteElo "1932"]
[BlackElo "2029"]

1. e4 c5 2. Nf3 Nc6 3. a3 e5 4. c3 Nf6 5. Bd3 a6 6. Bc2 c4 7. O-O Be7 8. d4 exd4
9. cxd4 d5 10. e5 Ne4 11. Nc3 Nxc3 12. bxc3 O-O 13. Be3 f6 14. exf6 Bxf6 15. Qd2
h6 16. Bb1 Bg4 17. Qc2 Ne7 18. Qh7+ Kf7 19. Bxh6 Bxf3 20. gxf3 Rh8 0-1

[Event "AUTO-MASTER-1576"]
[Site "http://www.queenalice.com/game.php?id=1023741"]
[Date "2012.2.1"]
[Round "1"]
[White "gedalias"]
[Black "ezequiel_2001"]
[Result "1-0"]
[WhiteElo "2096"]
[BlackElo "1911"]

1. e4 c5 2. Nf3 d6 3. d4 cxd4 4. Nxd4 Nf6 5. Nc3 a6 6. Be2 g6 7. O-O e6 8. Bg5
Bg7 9. Qd2 h6 10. Be3 Nbd7 11. Bc4 Ne5 12. Bb3 O-O 13. Bxh6 Nfg4 14. Bxg7 Kxg7
15. h3 Nf6 16. f4 Nc6 17. Rad1 Qb6 18. Kh1 Nxd4 19. Qxd4 Qxd4 20. Rxd4 Nh5 21.
Kh2 Rd8 22. g4 e5 23. fxe5 Be6 24. gxh5 dxe5 25. Rxd8 Rxd8 26. Bxe6 fxe6 27. Rd1
Rxd1 28. Nxd1 gxh5 29. Kg3 Kf6 30. Kh4 Kg6 31. a4 1-0

[Event "AUTO-MASTER-1576"]
[Site "http://www.queenalice.com/game.php?id=1023742"]
[Date "2012.2.1"]
[Round "1"]
[White "ezequiel_2001"]
[Black "Pato"]
[Result "0-1"]
[WhiteElo "1937"]
[BlackElo "2214"]

1. e4 e5 2. Nf3 Qe7 3. c3 d6 4. Bc4 Bg4 5. d3 Nf6 6. Nbd2 g6 7. Qc2 Bg7 8. Ng5
O-O 9. h3 Bd7 10. a4 h6 11. Nxf7 Rxf7 12. Bxf7+ Qxf7 13. O-O Nc6 14. Nf3 Kh7 15.
Bd2 Nh5 16. Rae1 Bxh3 17. Nh4 Be6 18. Re3 Bf6 19. Nf3 Bb3 20. Qc1 Bxa4 21. d4
Bg7 22. d5 Ne7 23. c4 Bd7 24. Nh4 Rf8 25. Rf3 Qe8 26. Rxf8 Qxf8 27. b4 Nf4 28.
Bxf4 exf4 29. Nf3 g5 30. Qa3 a6 31. Qd3 Ng6 32. Re1 Ne5 33. Nxe5 Bxe5 34. f3 h5
35. Re2 Qf6 36. Kh1 g4 0-1

[Event "AUTO-MASTER-1576"]
[Site "http://www.queenalice.com/game.php?id=1023743"]
[Date "2012.2.1"]
[Round "1"]
[White "Pato"]
[Black "ezequiel_2001"]
[Result "1-0"]
[WhiteElo "2188"]
[BlackElo "1946"]

1. e4 c5 2. d4 cxd4 3. c3 dxc3 4. Nxc3 d6 5. Bc4 e6 6. Nf3 Be7 7. O-O a6 8. Qe2
Nf6 9. Rd1 O-O 10. Bf4 Nc6 11. a3 Bd7 12. Bxd6 Ne8 13. Bg3 b5 14. Ba2 Qc8 15.
Rac1 Nc7 16. Nd5 exd5 17. exd5 Na5 18. Rxc7 Qd8 19. b4 Nc4 20. Bxc4 bxc4 21. d6
Bf6 22. Qxc4 Bb5 23. Qd5 Re8 24. Qxf7+ Kh8 25. h4 Be2 26. Rdc1 Bxf3 27. gxf3 h6
28. Kg2 Re2 29. d7 Re7 30. Qd5 1-0

[Event "AUTO-ADV-2560"]
[Site "http://www.queenalice.com/game.php?id=1080847"]
[Date "2012.7.9"]
[Round "1"]
[White "ShuraCapricornio"]
[Black "ezequiel_2001"]
[Result "0-1"]
[WhiteElo "1694"]
[BlackElo "1931"]

1. Nf3 Nf6 2. g3 g6 3. Bg2 Bg7 4. O-O O-O 5. d3 d6 6. Nbd2 e5 7. e4 Nc6 8. b3
Ne7 9. Bb2 c5 10. a4 Nh5 11. Nh4 f5 12. exf5 Nxf5 0-1

[Event "AUTO-ADV-2560"]
[Site "http://www.queenalice.com/game.php?id=1080848"]
[Date "2012.7.9"]
[Round "1"]
[White "ezequiel_2001"]
[Black "ShuraCapricornio"]
[Result "1-0"]
[WhiteElo "1924"]
[BlackElo "1701"]

1. d4 Nf6 2. c4 g6 3. Nc3 Bg7 4. e4 d6 5. f4 O-O 6. Nf3 c5 7. d5 e6 8. e5 dxe5
9. fxe5 Ng4 10. Bf4 exd5 11. Nxd5 Re8 12. Be2 1-0

[Event "AUTO-ADV-2560"]
[Site "http://www.queenalice.com/game.php?id=1080859"]
[Date "2012.7.9"]
[Round "1"]
[White "talisman77"]
[Black "ezequiel_2001"]
[Result "1-0"]
[WhiteElo "1838"]
[BlackElo "1918"]

1. d4 Nf6 2. c4 g6 3. Nc3 Bg7 4. Nf3 O-O 5. e4 d6 6. Bg5 a5 7. Be2 Na6 8. a3 c5
9. O-O Bd7 10. Qb3 Rb8 11. Rfd1 a4 12. Nxa4 Nxe4 13. Bf4 cxd4 14. Nxd4 Bxa4 15.
Qxa4 Nac5 16. Qc2 e5 17. b4 exf4 18. bxc5 Nxc5 19. Bf3 Qg5 20. Rab1 h5 21. Ne2
Be5 22. Rd5 Ne6 23. Rb6 Qe7 24. Rdb5 Bd4 25. Rxb7 Rxb7 26. Bxb7 Bc5 27. a4 f3
28. Bxf3 Nd4 29. Qd2 1-0

[Event "AUTO-ADV-2560"]
[Site "http://www.queenalice.com/game.php?id=1080860"]
[Date "2012.7.9"]
[Round "1"]
[White "ezequiel_2001"]
[Black "talisman77"]
[Result "0-1"]
[WhiteElo "1899"]
[BlackElo "1857"]

1. d4 d5 2. c4 e6 3. Nc3 Nf6 4. b3 Bb4 5. Bb2 Ne4 6. Qc2 Nc6 7. e3 O-O 8. Bd3 f5
9. Ne2 a6 10. O-O Be7 11. cxd5 Nxc3 12. Nxc3 Nb4 13. Qe2 Nxd3 14. Qxd3 exd5 15.
Ne2 Bd6 16. a4 Qh4 17. Ng3 Rf6 18. Ba3 f4 19. Bxd6 cxd6 20. exf4 Rh6 21. h3 g6
22. Qf3 Be6 23. Rae1 Re8 24. Rxe6 Rxe6 25. Qxd5 g5 26. fxg5 Rg6 27. Qxb7 Qxg5
28. d5 Re7 0-1

[Event "AUTO-ADV-2560"]
[Site "http://www.queenalice.com/game.php?id=1080867"]
[Date "2012.7.9"]
[Round "1"]
[White "ezequiel_2001"]
[Black "Lopesq"]
[Result "0-1"]
[WhiteElo "1868"]
[BlackElo "1839"]

1. d4 d5 2. c4 dxc4 3. Nc3 c6 4. e4 e6 5. Bxc4 Be7 6. Nf3 Nd7 7. O-O Ngf6 8. e5
Nd5 9. Nxd5 cxd5 10. Bb3 b5 11. Be3 a6 12. Rc1 O-O 13. Nd2 f5 14. exf6 Nxf6 15.
Qf3 Bb7 16. Qh3 Bc8 17. Bc2 g6 18. Bh6 Rf7 19. Nf3 e5 20. Nxe5 Bxh3 21. Nxf7
Kxf7 22. gxh3 Ne4 23. Rce1 Bg5 24. Bxg5 Qxg5+ 25. Kh1 Nf6 26. Re5 Qh6 27. Bb3
Rd8 0-1

[Event "AUTO-ADV-2560"]
[Site "http://www.queenalice.com/game.php?id=1080868"]
[Date "2012.7.9"]
[Round "1"]
[White "Lopesq"]
[Black "ezequiel_2001"]
[Result "1-0"]
[WhiteElo "1856"]
[BlackElo "1851"]

1. d4 Nf6 2. Nf3 g6 3. c3 Bg7 4. Bg5 O-O 5. Nbd2 d6 6. e3 a5 7. Bd3 Na6 8. O-O
c5 9. Be2 Nc7 10. Nb3 Ne6 11. c4 cxd4 12. exd4 Ne4 13. Be3 f5 14. a4 f4 15. Bc1
Qb6 16. d5 N6g5 17. Nxg5 Nxg5 18. Bf3 Nxf3+ 19. Qxf3 h5 20. h3 Bf5 21. Re1 Bc2
22. Nd2 Rae8 23. Qa3 Bd4 24. Qf3 Bxb2 25. Bxb2 Qxb2 26. Kh2 Bxa4 27. Rxa4 Qxd2
28. Rea1 1-0

[Event "AUTO-MASTER-1691"]
[Site "http://www.queenalice.com/game.php?id=1080888"]
[Date "2012.7.9"]
[Round "1"]
[White "ezequiel_2001"]
[Black "ozzyvegeta"]
[Result "1-0"]
[WhiteElo "1800"]
[BlackElo "2083"]

1. d4 d5 2. c4 e6 3. Nc3 Nf6 4. b3 Bb4 5. Bb2 c6 6. e3 Ne4 7. Qc2 Qa5 8. Ne2
dxc4 9. bxc4 Nd7 10. f3 Nxc3 11. Nxc3 Nb6 12. Bd3 Na4 13. Rc1 Nxb2 14. Qxb2 Ba3
15. Qb1 Bxc1 16. Qxc1 O-O 17. O-O e5 18. d5 cxd5 19. Nxd5 Be6 20. Qb1 Bxd5 21.
cxd5 Qxd5 22. Rd1 Rfd8 23. Bxh7+ Kh8 24. Rxd5 Rxd5 25. Be4 Rd7 26. Qe1 Rad8 27.
Qh4+ Kg8 28. Qh7+ Kf8 29. Qh8+ Ke7 30. Qxg7 Rd2 31. Bxb7 Rxa2 32. Qxe5+ Kf8 33.
h4 Rdd2 34. f4 Rab2 35. Bf3 Ra2 36. h5 Ra6 37. Qb8+ Kg7 38. Qb4 Rdd6 39. e4 Rab6
40. Qc5 Rbc6 41. Qxa7 Rf6 42. e5 Rxf4 43. Bxc6 Kh6 44. Qe3 f5 45. exf6 Kxh5 46.
Be8+ Kg5 47. f7 Kh6 48. f8=Q+ Kh7 49. Qh3+ Rh4 50. Qxh4# 1-0

[Event "AUTO-MASTER-1691"]
[Site "http://www.queenalice.com/game.php?id=1080889"]
[Date "2012.7.9"]
[Round "1"]
[White "ozzyvegeta"]
[Black "ezequiel_2001"]
[Result "1-0"]
[WhiteElo "1962"]
[BlackElo "1939"]

1. e4 e5 2. Nf3 Nc6 3. d4 exd4 4. Nxd4 Nge7 5. Nc3 d6 6. Bc4 Ne5 7. Bb3 g6 8.
O-O Bg7 9. Bg5 O-O 10. f4 Ng4 11. Qf3 Bxd4+ 12. Kh1 c6 13. f5 Ne5 14. Qf4 Bxc3
15. bxc3 Qc7 16. Bxe7 Qxe7 17. f6 Qd7 18. Qh6 1-0

[Event "AUTO-MASTER-1691"]
[Site "http://www.queenalice.com/game.php?id=1080890"]
[Date "2012.7.9"]
[Round "1"]
[White "ezequiel_2001"]
[Black "vincentlennon"]
[Result "0-1"]
[WhiteElo "1881"]
[BlackElo "1955"]

1. d4 d5 2. c4 c6 3. Nc3 Bf5 4. cxd5 Nf6 5. dxc6 Nxc6 6. e3 e6 7. Nf3 a6 8. Be2
Bd6 9. O-O O-O 10. a3 h6 11. Bd2 Rc8 12. Rc1 Bb8 13. Ne1 Qd6 14. g3 Bh3 15. Ng2
Nh7 16. Bf3 Ng5 17. Re1 e5 18. Nh4 f5 19. Bg2 Qf6 20. f4 Bxg2 21. Kxg2 Ne6 22.
dxe5 Qf7 23. Qc2 Ba7 24. Qb1 Rcd8 25. Rcd1 g6 26. e4 g5 27. Nxf5 Kh7 28. Nd5
gxf4 0-1

[Event "AUTO-MASTER-1691"]
[Site "http://www.queenalice.com/game.php?id=1080891"]
[Date "2012.7.9"]
[Round "1"]
[White "vincentlennon"]
[Black "ezequiel_2001"]
[Result "1-0"]
[WhiteElo "1959"]
[BlackElo "1955"]

1. e4 e5 2. f4 Nc6 3. Nf3 d6 4. Bc4 h6 5. O-O Nf6 6. d3 Be7 7. Nc3 O-O 8. f5 a6
9. a4 Bd7 10. h3 Nb4 11. Be3 c6 12. Qd2 a5 13. Bxh6 Nh5 14. Be3 Bh4 15. Ng5 Bxg5
16. Bxg5 Nf6 17. Ne2 Qb6+ 18. Kh1 d5 19. Bxf6 gxf6 20. Qh6 dxc4 21. Rf3 1-0

[Event "AUTO-OPEN-2736"]
[Site "http://www.queenalice.com/game.php?id=1080967"]
[Date "2012.7.9"]
[Round "1"]
[White "tomno814"]
[Black "ezequiel_2001"]
[Result "1-0"]
[WhiteElo "1828"]
[BlackElo "1835"]

1. e4 e5 2. f4 Nc6 3. Nf3 d6 4. Nc3 Nf6 5. Bb5 Bd7 6. O-O Be7 7. d3 O-O 8. Qe1
exf4 9. Bxf4 a6 10. Bxc6 Bxc6 11. Qf2 Bd7 12. a4 c5 13. a5 Ne8 14. Nd5 Bf6 15.
Nb6 Rb8 16. e5 dxe5 17. Nxe5 Be6 18. Nf3 Bg4 19. Bxb8 Bxf3 20. Qxf3 Bd4+ 21. Kh1
Nf6 22. Bg3 Re8 23. c3 Be5 24. Bxe5 Rxe5 25. Rae1 Rxe1 26. Rxe1 h6 27. h3 Qc7
28. Qf5 Qg3 29. Re7 h5 30. Nd5 Qd6 31. Nxf6+ 1-0

[Event "AUTO-OPEN-2736"]
[Site "http://www.queenalice.com/game.php?id=1080968"]
[Date "2012.7.9"]
[Round "1"]
[White "ezequiel_2001"]
[Black "tomno814"]
[Result "0-1"]
[WhiteElo "1938"]
[BlackElo "1850"]

1. d4 Nf6 2. c4 g6 3. Nc3 Bg7 4. e4 d6 5. f4 c5 6. d5 O-O 7. Nf3 e6 8. e5 dxe5
9. fxe5 Ng4 10. Bf4 Nd7 11. dxe6 fxe6 12. Bg3 Ndxe5 13. Qxd8 Rxd8 14. Nxe5 Nxe5
15. Be2 b6 16. O-O Bb7 17. Rae1 Rd2 18. Bxe5 Bxe5 19. Bf3 Bd4+ 20. Kh1 Rxb2 21.
Bxb7 Rb8 22. Bc6 Bxc3 23. Rxe6 Rf8 24. Rd1 Rxa2 25. Bd5 Kh8 26. h4 Bd4 27. Re7
Rf4 28. Re8+ Kg7 29. Rde1 Rxh4# 0-1

[Event "AUTO-OPEN-2736"]
[Site "http://www.queenalice.com/game.php?id=1080993"]
[Date "2012.7.9"]
[Round "1"]
[White "porai"]
[Black "ezequiel_2001"]
[Result "1-0"]
[WhiteElo "1989"]
[BlackElo "1809"]

1. e4 e5 2. Nf3 Nc6 3. Bc4 h6 4. O-O d6 5. d4 exd4 6. Nxd4 Ne5 7. f4 Nxc4 8. Nc3
Be7 9. Nf5 Bxf5 10. exf5 Nf6 11. g4 O-O 12. Qf3 c6 13. g5 hxg5 14. fxg5 Qb6+ 15.
Kh1 Nh7 16. f6 Nxg5 17. Bxg5 Bd8 18. fxg7 Ne5 19. gxf8=Q+ Kxf8 20. Qh5 Bxg5 21.
Qxg5 Qxb2 22. Rab1 1-0

[Event "AUTO-OPEN-2736"]
[Site "http://www.queenalice.com/game.php?id=1080994"]
[Date "2012.7.9"]
[Round "1"]
[White "ezequiel_2001"]
[Black "porai"]
[Result "0-1"]
[WhiteElo "1819"]
[BlackElo "1979"]

1. d4 d5 2. c4 dxc4 3. Nc3 Nf6 4. Bg5 Nbd7 5. e4 e5 6. dxe5 Nxe5 7. Qxd8+ Kxd8
8. Nd5 Be7 9. Nxf6 Bxf6 10. Bxf6+ gxf6 11. O-O-O+ Bd7 12. f4 Nd3+ 13. Bxd3 cxd3
14. Rxd3 Ke7 15. Nf3 Rhd8 16. Rhd1 Bc6 17. Rxd8 Rxd8 18. Rxd8 Kxd8 19. e5 Bxf3
20. gxf3 Ke7 21. Kd2 Ke6 22. exf6 Kd5 23. Ke3 b5 24. h3 a5 0-1